| 000 | 01210nam a2200229Ia 4500 | ||
|---|---|---|---|
| 001 | L235-7732 | ||
| 003 | IT-CnALBA | ||
| 008 | 170116s9999||||xx |||||||||||||| ||und|| | ||
| 040 |
_aIT-CnALBA _cIT-CnALBA |
||
| 041 | _aFRANCESE | ||
| 100 | _aLHOUMEAU ANTONINO, SMM. | ||
| 245 | 0 | _aLA VIE SPIRITUELLE A L'ECOLE DU B. L.-M. GRIGNION DE MONT. | |
| 250 | _a5a ed. | ||
| 260 |
_aTOURS _bMAME ALFRED ET FILS MAISON _c1926 [1° Ed.:1901 - Ed.Ling.Originale: 1901] |
||
| 300 | _a504 p. (prefazione: 5) | ||
| 500 | _aUNIONE A CRISTO. LA SANTA SCHIAVITÙ. MARIA MADRE. DISRIBUTRICE DI GRAZIA. COOPERATRICE DI DIO. REGALITÀ DI MARIA. SERVA DEL SIGNORE. CONSACRAZIONE. INFANZIA SPIRITUALE. ASCETICA DELLA DEVOZIONE. VITA PURGATIVA ILLUMINATIVA UNITIVA. | ||
| 501 | _aSocietà San Paolo EM - Piazza San Paolo, 14 - 12051 ALBA (CN) (non commercial uses only) ® Copyright 2017 | ||
| 520 | _aUNIONE A CRISTO. LA SANTA SCHIAVITÙ. MARIA MADRE. DISRIBUTRICE DI GRAZIA. COOPERATRICE DI DIO. REGALITÀ DI MARIA. SERVA DEL SIGNORE. CONSACRAZIONE. INFANZIA SPIRITUALE. ASCETICA DELLA DEVOZIONE. VITA PURGATIVA ILLUMINATIVA UNITIVA. | ||
| 650 | _aMARIA SS. ANGELI SANTI DEMONI | ||
| 942 | _cBK | ||
| 957 | _71 | ||
| 999 |
_a8708 _bSI _g Copie: 1 _c266914 _d266914 |
||